000 00513nam a2200157 i 4500
001 51561
003 ES-MaACL
005 20230906162403.0
007 t|
008 030813s1969 sp ||||1| spa d
100 1 _aDalmau Huguet, Jorge.
_942524
245 1 0 _aComo se ha aplicado la mecanización administrativa de una empresa /
_cJorge Dalmau Huguet.
260 _a[Madrid] :
_bAsociación para el Progreso de la Dirección,
_c[1969]
300 _a90 p. :
_bil. ;
_c27 cm.
852 _aES-MaACL
_jC-36412
_bR.68847
999 _c51561
_d51561